000 00374nam a2200157 i 4500
001 bg
100 1 _aCZERWIŃSKI, Zbigniew
245 0 _aMatematyka na usługach ekonomii /
_cZ. Czerwiński.
250 _aWyd.6.
260 _aWarszawa,
_c1984.
040 _cBPK
041 _apol
080 _a330.115:519.8
942 _cKS
008 s pl f |000 0 pol
999 _c22621
_d22621
856 _uhttp://koha.tu.koszalin.pl/cgi-bin/koha/opac-detail.pl?biblionumber=22621
_yKatalog online BPK